Vista normal
Vista MARC
Entrada Personal Name
Número de registros utilizados en: 1
001 - CONTROL NUMBER
- control field: 16850
003 - CONTROL NUMBER IDENTIFIER
- control field: DLC
005 - DATE AND TIME OF LATEST TRANSACTION
- control field: 20250311154201.0
008 - FIXED-LENGTH DATA ELEMENTS
- fixed length control field: 850502n| acannaabn |a aaa
010 ## - LIBRARY OF CONGRESS CONTROL NUMBER
- LC control number: n 85079937
035 ## - SYSTEM CONTROL NUMBER
- System control number: (OCoLC)oca01339867
040 ## - CATALOGING SOURCE
- Original cataloging agency: DLC
- Transcribing agency: Mx-PuUPA
- Modifying agency: NjR
- Modifying agency: MXMxUNAM
- Modifying agency: Mx-PuUPA
- Language of cataloging: spa
- Description conventions: rda
100 1# - HEADING--PERSONAL NAME
- Personal name: Hierro, Graciela,
- Dates associated with a name: 1928-2003
374 ## - OCCUPATION
- Occupation: Autora
- Occupation: Doctora en filosofía
- Occupation: Fundadora del Programa Universitario de Estudios de Género (UNAM)
375 ## - GENDER
- Gender: mujer
377 ## - ASSOCIATED LANGUAGE
- Language code: spa
400 1# - SEE FROM TRACING--PERSONAL NAME
- Personal name: Hierro Pérez Castro, Graciela
- Dates associated with a name: 1928-2003
400 1# - SEE FROM TRACING--PERSONAL NAME
- Personal name: Pérez Castro, Graciela Hierro
- Dates associated with a name: 1928-2003
400 1# - SEE FROM TRACING--PERSONAL NAME
- Personal name: Castro, Graciela Hierro Pérez
- Dates associated with a name: 1928-2003
400 1# - SEE FROM TRACING--PERSONAL NAME
- Personal name: Hierro Pérezcastro, Graciela
- Dates associated with a name: 1928-2003
400 1# - SEE FROM TRACING--PERSONAL NAME
- Personal name: Pérezcastro, Graciela Hierro
- Dates associated with a name: 1928-2003
670 ## - SOURCE DATA FOUND
- Source citation: Her Naturaleza y fines de la educación superior, 1983:
- Information found: t.p. (Graciela Hierro)
670 ## - SOURCE DATA FOUND
- Source citation: Filosofía de la educación y género, 1997:
- Information found: t.p. (Graciela Hierro) p. 299 (Graciela Hierro Pérez Castro; with the Univ. Nacional Autónoma de México since 1972; doct. of philosophy)
670 ## - SOURCE DATA FOUND
- Source citation: X informe de actividades 2002, 2003:
- Information found: t.p. (Dra. Graciela Hierro Pérezcastro)